El magistrado en el recurso del método: el choque de identidades sociales /

Uloženo v:
Podrobná bibliografie
Hlavní autor: Alvarado Vega, Oscar Gerardo
Médium: Neznámo
Jazyk:Spanish
Vydáno: San José, Costa Rica: Editorial de la Universidad de Costa Rica, 2000
Témata:
Tagy: Přidat tag
Žádné tagy, Buďte první, kdo vytvoří štítek k tomuto záznamu!

MARC

LEADER 000000000a22000000004500
001 000360
008 140617s2000 cr ||||| |||| 10| 0 spa d
022 |a 9977150907 
041 0 |a español 
082 |a 410.06   |b C479o 
100 1 |a Alvarado Vega, Oscar Gerardo 
245 1 3 |a El magistrado en el recurso del método:   |c Óscar Alvarado Vega  |b el choque de identidades sociales / 
260 |a San José, Costa Rica:   |b Editorial de la Universidad de Costa Rica,  |c 2000 
300 |a 103-112 páginas 
600 4 |a CARPENTIER, ALEJO, 1904-1980 
650 4 |a LITERATURA LATINOAMERICANA  |v NOVELA 
650 4 |a ANALISIS LITERARIO 
773 0 |t VII Congreso de Filología, Linguística y Literatura Dr. Jack Wilson Kilburn 
773 0 |g 2000 
773 0 |g 103-112 páginas 
942 |2 ddc  |c AM 
999 |c 868  |d 868